[Event "Dortmund1"]
[Site "Dortmund"]
[Date "2006.05.19"]
[Round "7"]
[White "Schrimpl, Michael"]
[Black "Ruchay, Dietrich"]
[Result "0-1"]
[WhiteElo "1497"]
[BlackElo "1490"]
[PlyCount "110"]
[EventDate "2006.10.15"]
[EventType "swiss"]
[EventRounds "9"]
[EventCountry "GER"]
[SourceTitle "EXT 2007"]
[Source "ChessBase"]
[SourceDate "2006.11.23"]
[SourceVersion "1"]
[SourceVersionDate "2006.11.23"]
[SourceQuality "1"]

1. c4 Nf6 2. Nc3 c5 3. Nf3 d5 4. cxd5 Nxd5 5. e4 Nxc3 6. bxc3 g6 7. Bc4 Bg7 8. Qb3 0-0 9. Ng5 e6 10. f4 h6 11. Nf3 Nc6 12. Qc2 Qc7 13. e5 b6 14. 0-0 Bb7 15. Nh4 Ne7 16. d4 cxd4 17. cxd4 Bd5 18. Bd3 Qxc2 19. Bxc2 Rac8 20. Bb3 Rfd8 21. Ba3 Bf8 22. Rfd1 Bxb3 23. axb3 Nd5 24. Bxf8 Kxf8 25. Rxa7 Rc2 26. g3 g5 27. Ng2 gxf4 28. gxf4 Nc3 29. Rd3 Ne2+ 30. Kf1 Nxd4 31. Ra6 Rc1+ 32. Kf2 Rc2+ 33. Kf1 b5 34. Rd6 Rxd6 35. exd6 Nc6 36. Rh3 Kg7 37. Rg3+ Kf6 38. Ne3 Rd2 39. Ng4+ Kf5 40. Nxh6+ Kxf4 41. Nxf7 Rxh2 42. Rg2 Rxg2 43. Kxg2 e5 44. d7 e4 45. d8Q Nxd8 46. Nxd8 Ke3 47. Ne6 Kd2 48. Nd4 b4 49. Kf1 e3 50. Ne2 Kd1 51. Nd4 Kd2 52. Ne2 Kc2 53. Ke1 Kxb3 54. Nd4+ Kc4 55. Ke2 Kxd4 0-1

[Event "Dortmund-ch"]
[Site "Dortmund"]
[Date "2005.03.17"]
[Round "9"]
[White "Noori, Mir Ahmad"]
[Black "Ruchay, Dietrich"]
[Result "0-1"]
[WhiteElo "1627"]
[BlackElo "1460"]
[PlyCount "82"]
[EventDate "2005.02.28"]
[EventType "swiss"]
[EventRounds "9"]
[EventCountry "GER"]
[SourceTitle "CBM 105 Extra"]
[Source "ChessBase"]
[SourceDate "2005.05.01"]
[SourceVersion "1"]
[SourceVersionDate "2005.05.01"]
[SourceQuality "1"]

1. d4 Nf6 2. Nf3 d5 3. e3 e6 4. a3 c5 5. b3 cxd4 6. Nxd4 g6 7. Bb2 Bg7 8. Nd2 0-0 9. Be2 Nc6 10. 0-0 Nxd4 11. Bxd4 b6 12. Nf3 Bb7 13. a4 Nd7 14. Bxg7 Kxg7 15. Qd4+ Qf6 16. Qd2 Rac8 17. c4 Nc5 18. Rab1 Rfd8 19. cxd5 Rxd5 20. Qe1 Nd3 21. Bxd3 Rxd3 22. Nd4 Qg5 23. f3 Qxe3+ 24. Qxe3 Rxe3 25. Rf2 Rd3 26. Ne2 Rcd8 27. Nf4 Rd1+ 28. Rf1 Rxf1+ 29. Kxf1 g5 30. Nh3 Kg6 31. Rb2 Rd1+ 32. Kf2 Ba6 33. f4 h6 34. fxg5 hxg5 35. Ke3 f5 36. Nf2 Re1+ 37. Kf3 Bb7+ 38. Ne4 Bxe4+ 39. Kf2 Rb1 40. Rd2 Rxb3 41. Rd7 a5 0-1

[Event "Dortmund-ch"]
[Site "Dortmund"]
[Date "2005.03.07"]
[Round "4"]
[White "Kuckelke, Juergen"]
[Black "Ruchay, Dietrich"]
[Result "0-1"]
[WhiteElo "1263"]
[BlackElo "1460"]
[PlyCount "50"]
[EventDate "2005.02.28"]
[EventType "swiss"]
[EventRounds "9"]
[EventCountry "GER"]
[SourceTitle "CBM 105 Extra"]
[Source "ChessBase"]
[SourceDate "2005.05.01"]
[SourceVersion "1"]
[SourceVersionDate "2005.05.01"]
[SourceQuality "1"]

1. e4 c5 2. Nf3 d6 3. d4 cxd4 4. Nxd4 Nf6 5. Nc3 a6 6. Bc4 e6 7. 0-0 b5 8. Bd3 Bb7 9. a3 Be7 10. Be3 Nbd7 11. Qe2 0-0 12. f4 Qc7 13. Nf3 Rac8 14. Nd2 Nc5 15. Rac1 Nxd3 16. cxd3 Qd7 17. Na2 e5 18. f5 d5 19. Bf2 dxe4 20. dxe4 Rxc1 21. Rxc1 Rd8 22. Nf3 Bxe4 23. Bb6 Rc8 24. Nxe5 Rxc1+ 25. Nxc1 Qd6 0-1

[Event "Dortmund-ch"]
[Site "Dortmund"]
[Date "2005.03.03"]
[Round "3"]
[White "Schrimpl, Michael"]
[Black "Ruchay, Dietrich"]
[Result "1-0"]
[WhiteElo "1414"]
[BlackElo "1460"]
[PlyCount "43"]
[EventDate "2005.02.28"]
[EventType "swiss"]
[EventRounds "9"]
[EventCountry "GER"]
[SourceTitle "CBM 105 Extra"]
[Source "ChessBase"]
[SourceDate "2005.05.01"]
[SourceVersion "1"]
[SourceVersionDate "2005.05.01"]
[SourceQuality "1"]

1. c4 c5 2. Nc3 Nf6 3. Nf3 Nc6 4. g3 g6 5. Bg2 Bg7 6. 0-0 0-0 7. a3 e6 8. d3 d6 9. Rb1 a6 10. Bg5 Qc7 11. Qc1 Rb8 12. b4 b5 13. Nd2 bxc4 14. bxc5 Rxb1 15. Qxb1 Nd7 16. cxd6 Qxd6 17. Nxc4 Qc7 18. Ne4 f6 19. Be3 Ne7 20. Qb3 Bb7 21. Bf4 Qc6 22. Nxf6+ 1-0

[Event "Dortmund-ch"]
[Site "Dortmund"]
[Date "2005.03.01"]
[Round "2"]
[White "Ruchay, Dietrich"]
[Black "Litwak, Aleksej"]
[Result "0-1"]
[WhiteElo "1460"]
[BlackElo "2092"]
[PlyCount "58"]
[EventDate "2005.02.28"]
[EventType "swiss"]
[EventRounds "9"]
[EventCountry "GER"]
[SourceTitle "CBM 105 Extra"]
[Source "ChessBase"]
[SourceDate "2005.05.01"]
[SourceVersion "1"]
[SourceVersionDate "2005.05.01"]
[SourceQuality "1"]

1. Nf3 c5 2. c4 Nc6 3. Nc3 Nf6 4. g3 g6 5. Bg2 Bg7 6. 0-0 0-0 7. d3 a6 8. a3 Rb8 9. b3 b5 10. Rb1 Ne8 11. Qc2 Nc7 12. e3 e6 13. Bb2 d5 14. cxd5 exd5 15. Ne2 Bxb2 16. Rxb2 Ne6 17. d4 c4 18. bxc4 bxc4 19. Rxb8 Nxb8 20. Rb1 Nc6 21. Nc3 Qa5 22. Nd2 Nexd4 23. exd4 Nxd4 24. Qd1 Qxc3 25. Bxd5 Bf5 26. Rc1 Qxc1 27. Qxc1 Ne2+ 28. Kg2 Nxc1 29. Bxc4 Rd8 0-1